Rozvoj intermodálnej prepravy v nadväznosti na námorné trasy v obchode medzi krajinami ASEAN + 3 a Európskej únie dizertačná práca

Salvato in:
Dettagli Bibliografici
Autore principale: Ho Thi Thu Hoa
Ente Autore: Ekonomická univerzita v Bratislave. Obchodná fakulta
Altri autori: Hansenová, Heda
Natura: Libro
Lingua:slovacco
Pubblicazione: Bratislava 2007
Soggetti:
Tags: Aggiungi Tag
Nessun Tag, puoi essere il primo ad aggiungerne!!

MARC

LEADER 00000nam$a2200000$$$4500
001 0100398
005 20240109070853.4
041 0 |a slo 
044 |a SK 
245 1 0 |a Rozvoj intermodálnej prepravy v nadväznosti na námorné trasy v obchode medzi krajinami ASEAN + 3 a Európskej únie  |b dizertačná práca  |c Ho Thi Thu Hoa ; škol. Heda Hansenová 
264 1 |a Bratislava  |c 2007 
300 |a 214 s. 
610 2 0 |a doprava námorná 
610 2 0 |a obchod medzinárodný 
610 2 0 |a obchod zahraničný 
610 2 0 |a preprava 
610 2 0 |a logistika 
610 2 0 |a Európska únia 
610 2 0 |a ASEAN 
100 1 |a Ho Thi Thu Hoa 
700 1 |a Hansenová, Heda 
710 2 |a Ekonomická univerzita v Bratislave. Obchodná fakulta